Normal view
MARC view
Entry Topical Term
001 - CONTROL NUMBER
- control field: 26857
003 - CONTROL NUMBER IDENTIFIER
- control field: OSt
005 - DATE AND TIME OF LATEST TRANSACTION
- control field: 20230627105557.0
008 - FIXED-LENGTH DATA ELEMENTS
- fixed length control field: 230627|| aca||aabn | a|a d
040 ## - CATALOGING SOURCE
- Original cataloging agency: OSt
- Transcribing agency: OSt
150 ## - HEADING--TOPICAL TERM
- Topical term or geographic name entry element: ထေႇရုပ်ႉပတ်ႉတိ - ၸဝ်ႈပိင်ႇၺႃႇၽေႃးၵ
670 ## - SOURCE DATA FOUND
- Source citation: Work cat.: (OSt): ပိင်ႇၺႃႇၽေႃးၵ(တႃႈၵုင်ႈ)၊ ၸဝ်ႈ။ 26856, ၽိုၼ်မၢႆတွင်း ၶၢဝ်းတၢင်းတူဝ်ထူပ်း ၽဝၵူၼ်းဢွၵ်ႇႁႃသွၼ်တၢင်းမေႃ /, 2006 ။